<?xml version="1.0" encoding="UTF-8"?>
<record
    xmlns:xsi="http://www.w3.org/2001/XMLSchema-instance"
    xsi:schemaLocation="http://www.loc.gov/MARC21/slim http://www.loc.gov/standards/marcxml/schema/MARC21slim.xsd"
    xmlns="http://www.loc.gov/MARC21/slim">

  <leader>03715nam a2200517Ia 4500</leader>
  <controlfield tag="001">1233</controlfield>
  <controlfield tag="008">241029s9999    xx            000 0 und d</controlfield>
  <datafield tag="010" ind1=" " ind2=" ">
    <subfield code="a">1140</subfield>
  </datafield>
  <datafield tag="041" ind1=" " ind2=" ">
    <subfield code="a">Espa&#xF1;ol</subfield>
  </datafield>
  <datafield tag="082" ind1=" " ind2=" ">
    <subfield code="a">RSTA MAPE 2001-29</subfield>
  </datafield>
  <datafield tag="245" ind1=" " ind2="0">
    <subfield code="a">Ampliaci&#xF3;n de la cobertura de la formaci&#xF3;n laboral para elevar el nivel operativo en las especialidades de la Soldadura.</subfield>
  </datafield>
  <datafield tag="260" ind1=" " ind2=" ">
    <subfield code="a">Santo Domingo</subfield>
  </datafield>
  <datafield tag="300" ind1=" " ind2=" ">
    <subfield code="a">127</subfield>
  </datafield>
  <datafield tag="520" ind1=" " ind2=" ">
    <subfield code="a">36</subfield>
  </datafield>
  <datafield tag="630" ind1=" " ind2=" ">
    <subfield code="a">Formaci&#xF3;n Profesional de Maestros</subfield>
  </datafield>
  <datafield tag="650" ind1=" " ind2=" ">
    <subfield code="a">Administraci&#xF3;n de la Educaci&#xF3;n</subfield>
  </datafield>
  <datafield tag="690" ind1=" " ind2=" ">
    <subfield code="a">Sintetizado</subfield>
  </datafield>
  <datafield tag="700" ind1=" " ind2=" ">
    <subfield code="e">asesor</subfield>
    <subfield code="a">de los Santos, Saturnino</subfield>
  </datafield>
  <datafield tag="700" ind1=" " ind2=" ">
    <subfield code="e">autor</subfield>
    <subfield code="a"> Terrero Galarza, Federico</subfield>
  </datafield>
  <datafield tag="901" ind1=" " ind2=" ">
    <subfield code="a">{"1":" Terrero Galarza"}</subfield>
    <subfield code="b">{"1":"Federico"}</subfield>
  </datafield>
  <datafield tag="902" ind1=" " ind2=" ">
    <subfield code="a">1</subfield>
  </datafield>
  <datafield tag="903" ind1=" " ind2=" ">
    <subfield code="a">{"1":"de los Santos"}</subfield>
    <subfield code="b">{"1":"Saturnino"}</subfield>
  </datafield>
  <datafield tag="904" ind1=" " ind2=" ">
    <subfield code="a">Maestr&#xED;a en</subfield>
  </datafield>
  <datafield tag="905" ind1=" " ind2=" ">
    <subfield code="a">Administraci&#xF3;n y Planificaci&#xF3;n de la Educaci&#xF3;n</subfield>
  </datafield>
  <datafield tag="906" ind1=" " ind2=" ">
    <subfield code="a">2</subfield>
  </datafield>
  <datafield tag="907" ind1=" " ind2=" ">
    <subfield code="a">NO APLICA</subfield>
  </datafield>
  <datafield tag="908" ind1=" " ind2=" ">
    <subfield code="a">NO APLICA</subfield>
  </datafield>
  <datafield tag="909" ind1=" " ind2=" ">
    <subfield code="a">Pontificia Universidad Cat&#xF3;lica Madre y Maestra (PUCMM), Recinto Santo Tom&#xE1;s de Aquino</subfield>
  </datafield>
  <datafield tag="910" ind1=" " ind2=" ">
    <subfield code="a">NULL</subfield>
    <subfield code="b">NULL</subfield>
  </datafield>
  <datafield tag="911" ind1=" " ind2=" ">
    <subfield code="a">["1"]</subfield>
  </datafield>
  <datafield tag="912" ind1=" " ind2=" ">
    <subfield code="a">NO APLICA</subfield>
  </datafield>
  <datafield tag="913" ind1=" " ind2=" ">
    <subfield code="a">NULL</subfield>
  </datafield>
  <datafield tag="914" ind1=" " ind2=" ">
    <subfield code="a">01 de Febrero de 2000</subfield>
  </datafield>
  <datafield tag="915" ind1=" " ind2=" ">
    <subfield code="a">31/10/19 11:10</subfield>
  </datafield>
  <datafield tag="916" ind1=" " ind2=" ">
    <subfield code="a">NULL</subfield>
  </datafield>
  <datafield tag="917" ind1=" " ind2=" ">
    <subfield code="a">NULL</subfield>
  </datafield>
  <datafield tag="918" ind1=" " ind2=" ">
    <subfield code="a">NO APLICA</subfield>
  </datafield>
  <datafield tag="919" ind1=" " ind2=" ">
    <subfield code="a">["109"]</subfield>
  </datafield>
  <datafield tag="520" ind1=" " ind2=" ">
    <subfield code="a">La propuesta consiste en un proyecto de centro en el Distrito Nacional que ser&#xED;a la Escuela Nacional de Formaci&#xF3;n Laboral Acelerada. Las especialidades de la escuela son: Soldadura de arco (el&#xE9;ctrica), con arco met&#xE1;lico y gas (MIG), con arco de tungsteno y gas (TIG), soldadura aut&#xF3;gena y corte oxiacetil&#xE9;nico. La duraci&#xF3;n del proyecto es de un a&#xF1;o. El proyecto albergar&#xED;a a estudiantes de todo el pa&#xED;s, los que ser&#xED;an seleccionados por una comisi&#xF3;n docente en base a criterios establecidos.La modalidad T&#xE9;cnico Profesional est&#xE1; siendo ocupada por estudiantes de clase media. El objetivo es formar obreros en las especialidades de soldadura y elevar la capacidad de trabajo y el conocimiento de obreros emp&#xED;ricos que est&#xE1;n en la l&#xED;nea de trabajo. Citamos como ejemplo que soldadores calificados, el sueldo promedio que est&#xE1;n devengando en labores de montaje en San Pedro de Macor&#xED;s es de RD</subfield>
    <subfield code="3">5,000 mensuales. Los bajos est&#xE1;ndares de calidad que se observan en gran parte de la mano de obra nativa se debe: a) migraci&#xF3;n de t&#xE9;cnicos y obreros especializados, b) la migraci&#xF3;n haitiana y c) el desequilibrio en la relaci&#xF3;n oferta/demanda. Se espera que una vez puesto en operaci&#xF3;n el Centro de Formaci&#xF3;n Laboral, en las primeras treinta y tres (33) semanas tuviera la primera promoci&#xF3;n, por lo menos de ciento ochenta (180) soldadores y entre sesenta (60) y setenta (70) obreros emp&#xED;ricos interesados en mejorar sus niveles de desempe&#xF1;o. Se estima para el proyecto una inversi&#xF3;n de treinta y ocho millones de pesos (</subfield>
    <subfield code="3">8,000,000.00) en terreno, edificaciones, maquinarias y equipos.El financiamiento estar&#xE1; a cargo del Gobierno Central y posibilidades de pr&#xE9;stamos con la Banca Internacional. La Escuela Vocacional de las Fuerzas Armadas recibe anualmente unas cuatrocientas (400) solicitudes para cursos de Soldadura, sin embargo, s&#xF3;lo puede satisfacer el 50% de las mismas, de igual manera pasa con el INFOTEP que s&#xF3;lo satisface el 90% de las solicitudes para esta rama.Promediando los egresados del INFOTEP en el per&#xED;odo 1990-98, ser&#xED;an novecientos trece (913) los egresados por a&#xF1;o, aunque en 1999 los egresados fueron mil veintinueve (1,029), por lo que se evidencia para esta especialidad un alto porcentaje en la demanda de solicitudes.&#xA0;</subfield>
  </datafield>
  <datafield tag="921" ind1=" " ind2=" ">
    <subfield code="a">11</subfield>
  </datafield>
  <datafield tag="922" ind1=" " ind2=" ">
    <subfield code="a">11</subfield>
  </datafield>
  <datafield tag="923" ind1=" " ind2=" ">
    <subfield code="a">0</subfield>
  </datafield>
  <datafield tag="924" ind1=" " ind2=" ">
    <subfield code="a">NO APLICA</subfield>
  </datafield>
  <datafield tag="942" ind1=" " ind2=" ">
    <subfield code="c">Tesis</subfield>
  </datafield>
  <datafield tag="999" ind1=" " ind2=" ">
    <subfield code="c">1140</subfield>
    <subfield code="d">1140</subfield>
  </datafield>
</record>
